000 nam a22 7a 4500
999 _c4839
_d4839
005 20200824113043.0
008 20 b20179999my ||||| |||| 00| 0 eng d
040 _aAKMAL
082 _a352.448595 JKDM
090 _a352.448595
_bJKDM
110 _aMalaysia
_bJabatan Kastam Diraja Malaysia
_91301
245 1 0 _aLaporan tahunan Jabatan Kastam Diraja Malaysia /
_cJabatan Kastam Diraja Malaysia
_b2017
260 _aPutrajaya
_bJabatan Kastam Diraja Malaysia
_c[2017]
300 _aj. :
_bill. ;
_c30cm
310 _aTahunan
362 _a2017-
500 _aHuraian berdasarkan: Laporan Tahunan 2017
610 1 _aMalaysia.
_bJabatan Kastam Diraja Malaysia
_vPeriodicals
_91302
650 _aCustoms administration
_vPeriodicals
_xMalaysia
_91303
942 _2ddc
_cPERIODICAL